Prajnaparamita in tibetan buddhism / (Record no. 125114)
[ view plain ]
| 000 -LEADER | |
|---|---|
| fixed length control field | 00834nam a22002537a 4500 |
| 005 - DATE AND TIME OF LATEST TRANSACTION | |
| control field | 20170124105949.0 |
| 010 ## - LIBRARY OF CONGRESS CONTROL NUMBER | |
| LC control number | A-709741 |
| 020 ## - INTERNATIONAL STANDARD BOOK NUMBER | |
| Terms of availability | 200.00 |
| International Standard Book Number | 8185132054 |
| 035 ## - SYSTEM CONTROL NUMBER | |
| System control number | A-709741 |
| 037 ## - SOURCE OF ACQUISITION | |
| Source of stock number/acquisition | Cen Lib/Ret |
| 040 ## - CATALOGING SOURCE | |
| Original cataloging agency | DPL |
| Language of cataloging | EN |
| 082 ## - DEWEY DECIMAL CLASSIFICATION NUMBER | |
| Classification number | 250 |
| Item number | OBE |
| 100 ## - MAIN ENTRY--PERSONAL NAME | |
| Personal name | Obermiller, E. |
| 9 (RLIN) | 13063 |
| 245 ## - TITLE STATEMENT | |
| Title | Prajnaparamita in tibetan buddhism / |
| Statement of responsibility, etc | by E. Obermiller; edited by Harcharan Singh Sobti |
| 260 ## - PUBLICATION, DISTRIBUTION, ETC. (IMPRINT) | |
| Place of publication, distribution, etc | Delhi |
| Name of publisher, distributor, etc | Classical India Publications |
| Date of publication, distribution, etc | 1988 |
| 270 ## - ADDRESS | |
| City | Delhi |
| Address | 3484, Nicholson Road, Mori Gate |
| Postal code | 110006 |
| 300 ## - PHYSICAL DESCRIPTION | |
| Extent | xvii,174p. |
| Dimensions | 24cm(Hb) |
| 490 ## - SERIES STATEMENT | |
| Series statement | Classics India religion and philosophy |
| Volume number/sequential designation | 3 |
| 500 ## - GENERAL NOTE | |
| General note | Includes bibliographical references and index<br/> |
| 650 ## - SUBJECT ADDED ENTRY--TOPICAL TERM | |
| Topical term or geographic name as entry element | Religion |
| 9 (RLIN) | 13064 |
| 650 ## - SUBJECT ADDED ENTRY--TOPICAL TERM | |
| Topical term or geographic name as entry element | Buddhism |
| 9 (RLIN) | 1068 |
| 700 ## - ADDED ENTRY--PERSONAL NAME | |
| Personal name | Sobti, Harcharan Singh |
| 9 (RLIN) | 13056 |
| 942 ## - ADDED ENTRY ELEMENTS (KOHA) | |
| Source of classification or shelving scheme | Dewey Decimal Classification |
| Koha item type | English Books |
| Classification part | 250 |
| Call number suffix | OBE |
| Withdrawn status | Lost status | Damaged status | Not for loan | Home library | Current library | Date acquired | Source of acquisition | Cost, normal purchase price | Total Checkouts | Total Renewals | Full call number | Barcode | Date last seen | Date checked out | Copy number | Cost, replacement price | Price effective from | Koha item type |
|---|---|---|---|---|---|---|---|---|---|---|---|---|---|---|---|---|---|---|
| Central Library | Central Library | 19/06/2015 | Cen Lib/Ret | 200.00 | 3 | 1 | 250 OBE | A-709741 | 02/02/2018 | 11/01/2018 | 1 | 200.00 | 19/06/2015 | English Books |
